Sanamahi movement among the meiteis of Manipur: a sociological study of a socio-religious movement (Record no. 19709)
[ view plain ]
| 000 -LEADER | |
|---|---|
| fixed length control field | 00699nam a2200229Ia 4500 |
| 082 ## - DEWEY DECIMAL CLASSIFICATION NUMBER | |
| Classification number | TS.0937 |
| 245 #0 - TITLE STATEMENT | |
| Title | Sanamahi movement among the meiteis of Manipur: a sociological study of a socio-religious movement |
| 250 ## - EDITION STATEMENT | |
| Edition statement | Jawaharlal Nehru Uni |
| 260 ## - PUBLICATION, DISTRIBUTION, ETC. (IMPRINT) | |
| Year of publication | 2005 |
| 300 ## - PHYSICAL DESCRIPTION | |
| Number of Pages | 280 |
| 504 ## - BIBLIOGRAPHY, ETC. NOTE | |
| Bibliography, etc | includes appendices and bibliography |
| 650 ## - SUBJECT ADDED ENTRY--TOPICAL TERM | |
| Topical Term | Social movements |
| 650 ## - SUBJECT ADDED ENTRY--TOPICAL TERM | |
| Topical Term | Manipur |
| Form subdivision | Religion |
| 650 ## - SUBJECT ADDED ENTRY--TOPICAL TERM | |
| Topical Term | Social movements |
| Form subdivision | Manipur |
| 650 ## - SUBJECT ADDED ENTRY--TOPICAL TERM | |
| Topical Term | Ethnology |
| Form subdivision | Manipur |
| -- | Religion |
| 650 ## - SUBJECT ADDED ENTRY--TOPICAL TERM | |
| Topical Term | Meitheis (Indic people) |
| Form subdivision | Manipur |
| 650 ## - SUBJECT ADDED ENTRY--TOPICAL TERM | |
| Topical Term | Manipuri (Indic people) |
| 650 ## - SUBJECT ADDED ENTRY--TOPICAL TERM | |
| Topical Term | Meitheis (Indic people) |
| 700 ## - ADDED ENTRY--PERSONAL NAME | |
| Personal name | Singh, Khuraijam Bijoykumar |
| 710 ## - ADDED ENTRY--CORPORATE NAME | |
| Corporate name or jurisdiction name as entry element | Anand Kumar |
| 942 ## - ADDED ENTRY ELEMENTS (KOHA) | |
| Koha item type | Thesis |
| Withdrawn status | Lost status | Damaged status | Not for loan | Home library | Current library | Date acquired | Source of acquisition | Bill Date | Full call number | Accession Number | Price effective from | Koha item type |
|---|---|---|---|---|---|---|---|---|---|---|---|---|
| NASSDOC Library | NASSDOC Library | 10/10/2005 | Gifted by : Fellowship Division, ICSSR | 2005-09-27 | TS.0937 | 41034 | 18/04/2019 | Thesis |
